000
00420nam a2200145Ia 4500
008
100204s9999 xx 000 0 und d
082
_b
125
100
_a
कोकाटे महादेव
245
_a
अगतिक
260
_b
"डिंंंंप्ंाल पब्लिकेशन, वसई"
_c
1979
300
_a
118
630
_a
अगतिक
730
_a
अगतिक
942
_c
BOOK
999
_c
445322
_d
445319